| 000 | 00696 a2200181 4500 | ||
|---|---|---|---|
| 003 | Nust | ||
| 005 | 20230710094825.0 | ||
| 020 | _a389004626 | ||
| 040 | _cNust | ||
| 082 | _a530,REI | ||
| 100 |
_aReimann, Arnold L. _9113468 |
||
| 245 |
_aPhysics: Mechanics and Heat; Electricity, Magnetism and optics / _cArnold L. Reimann |
||
| 260 |
_aBarnes & Noble, _bNew York, _c1971. |
||
| 300 | _a1070 p. | ||
| 505 | _aIntroduction (Page-1), Kinematics (Page-25), Dynamics (Page-87), Rigid-Body Mechanics (Page-157), Continuum Mechanics (Page-209), Heat (Page-327), Electric charges and currents (Page-479), Magnetism (Page-733), Light (Page-909). | ||
| 650 | _aPhysics | ||
| 942 |
_2ddc _cBK _k530,REI |
||
| 999 |
_c180609 _d180609 |
||